000 00500nam a22002057i 4500
001 3498
003 OSt
005 20170126082319.0
007 tu
008 161220s1997 xxu||||| |||| 00| 0 d
024 7 _a3497
_2RID
040 _cOSt
084 _a11.431
_2z
245 0 0 _aNational Strategy for Integration
260 _aWarschau,
_c1997.
300 _a73 S. ;
_c30cm.
490 _aMonitor of European Integration. Special Edition
651 _aEU
110 2 _aCommittee for European Integration
_eEd.
942 _cB
999 _c3448
_d3448